International business / (Record no. 276053)
[ view plain ]
| 000 -LEADER | |
|---|---|
| fixed length control field | 00501nam a22001577a 4500 |
| 005 - DATE AND TIME OF LATEST TRANSACTION | |
| control field | 20141009140945.0 |
| 008 - FIXED-LENGTH DATA ELEMENTS--GENERAL INFORMATION | |
| fixed length control field | 141009b xxu||||| |||| 00| 0 eng d |
| 020 ## - INTERNATIONAL STANDARD BOOK NUMBER | |
| International Standard Book Number | 9781121488090 |
| 050 ## - LIBRARY OF CONGRESS CALL NUMBER | |
| Classification number | HD 62.4 |
| Item number | .In61 2012 |
| 245 ## - TITLE STATEMENT | |
| Title | International business / |
| 260 ## - PUBLICATION, DISTRIBUTION, ETC. (IMPRINT) | |
| Place of publication, distribution, etc | Philippines : |
| Name of publisher, distributor, etc | McGraw-Hill Companies, Inc., |
| Date of publication, distribution, etc | c2012. |
| 300 ## - PHYSICAL DESCRIPTION | |
| Extent | 417 pages : |
| Other physical details | illustrations ; |
| Dimensions | 26 cm. |
| 521 ## - TARGET AUDIENCE NOTE | |
| Target audience note | Business Administration |
| 650 ## - SUBJECT ADDED ENTRY--TOPICAL TERM | |
| Topical term or geographic name as entry element | International business |
| General subdivision | Management |
| -- | Enterprises. |
| 942 ## - ADDED ENTRY ELEMENTS (KOHA) | |
| Source of classification or shelving scheme | Library of Congress Classification |
| Koha item type | Books |
| Call number prefix | Local |
| Withdrawn status | Lost status | Source of classification or shelving scheme | Damaged status | Home library | Current library | Shelving location | Date acquired | Source of acquisition | Total Checkouts | Total Renewals | Full call number | Barcode | Date last seen | Date checked out | Price effective from | Koha item type |
|---|---|---|---|---|---|---|---|---|---|---|---|---|---|---|---|---|
| Library of Congress Classification | College Library | College Library | Reserve Section | 10/09/2014 | Library Fund | 1 | 36 | HD 62.4 .In61 2012 | C18811 | 11/21/2018 | 06/25/2018 | 10/09/2014 | Books |